书目信息 |
| 题名: |
大灶烹饪
|
|
| 作者: | 罗玉桂 编 | |
| 分册: | ||
| 出版信息: | 北京 解放军出版社 1988 |
|
| 页数: | 196页 | |
| 开本: | 19cm | |
| 丛书名: | ||
| 单 册: | ||
| 中图分类: | TS972.117 | |
| 科图分类: | ||
| 主题词: | 大锅菜--烹饪--中国 | |
| 电子资源: | ||
| ISBN: | 7-5065-0270-4 | |
| 000 | 00702nam0 2200241---450- | |
| 001 | 0101461915 | |
| 005 | 20070930093602.0 | |
| 010 | @a7-5065-0270-4@dCNY2.10 | |
| 011 | @a7-5065-0270-4 | |
| 100 | @a20070930d1988 em y0chiy0120 ea | |
| 101 | 0 | @achi |
| 102 | @aCN@b110000 | |
| 105 | @af z 000yy | |
| 106 | @ar | |
| 200 | 1 | @a大灶烹饪@9Da;Dai Zao Peng Ren @f罗玉桂编@b专著 |
| 210 | @a北京@c解放军出版社@d1988 | |
| 215 | @a196页@c彩图@d19cm | |
| 330 | @a本书详细地介绍了大锅菜的投料量、配菜、刀工、火候及烹饪方法。 | |
| 606 | 0 | @a大锅菜@x烹饪@y中国 |
| 690 | @aTS972.117@v4 | |
| 701 | 0 | @a罗玉桂@4编@9luo yu gui |
| 801 | 0 | @aCN@bAZmarc@c20230902 |
| 905 | @aBZT@dTS972.117@e18@f1@sTS972.117/18 | |
| 大灶烹饪/罗玉桂编.-北京:解放军出版社,1988 |
| 196页:彩图;19cm |
| ISBN 7-5065-0270-4:CNY2.10 |
| 本书详细地介绍了大锅菜的投料量、配菜、刀工、火候及烹饪方法。 |
| ● |
| 相关链接 |
|
|
|
正题名:大灶烹饪
索取号:TS972.117/18
 
预约/预借
| 序号 | 登录号 | 条形码 | 馆藏地/架位号 | 状态 | 备注 |
| 1 | 2000049257 | 2000049257 | 旧书回溯/ [索取号:TS972.117/18] | 在馆 |